Funny People Quiz Stats

Quiz Updated Aug 11, 2015

Challenge
Share
Tweet
Score 0/25 Timer 06:00
0 Plays Today
% Correct
Jack Black
95.6%
Jerry Seinfeld
93.3%
Eddie Murphy
92.6%
Charlie Chaplin
92.6%
Chris Rock
92.3%
Ellen Degeneres
92.1%
Tina Fey
91.6%
Joan Rivers
85.5%
Louis C.K.
76%
Billy Crystal
75.4%
Lucille Ball
74.6%
George Lopez
74.2%
Sarah Silverman
74%
% Correct
Amy Schumer
72.1%
Drew Carey
71.6%
Ricky Gervais
71%
Howie Mandel
69.6%
Groucho Marx
69.3%
Kevin Hart
68.3%
Rodney Dangerfield
63.8%
Carol Burnett
57.5%
Bob Newhart
56.7%
Wayne Brady
53.9%
Vicki Lawrence
29.7%
Janeane Garofalo
26.7%

You're not logged in!

Compare scores with friends on all Sporcle quizzes.
Join for Free
OR
Log In

You Might Also Like...

Show Comments

Extras

Top Quizzes Today


Score Distribution

Your Account Isn't Verified!

In order to create a playlist on Sporcle, you need to verify the email address you used during registration. Go to your Sporcle Settings to finish the process.

Report this User

Report this user for behavior that violates our Community Guidelines.

Details: